Hindu Art & Sculpture/ (Record no. 187905)

MARC details
000 -LEADER
fixed length control field 00508nam a22001817a 4500
005 - DATE AND TIME OF LATEST TRANSACTION
control field 20220505105715.0
010 ## - LCCN (DPL NO)
LC control number ENG-132520
020 ## - INTERNATIONAL STANDARD BOOK NUMBER
International Standard Book Number 9789382637028
Terms of availability 750.00
035 ## - SYSTEM CONTROL NUMBER
System control number EN-116052
037 ## - SOURCE OF ACQUISITION
Source of stock number/acquisition DBAD/PUB
082 ## - DEWEY DECIMAL CLASSIFICATION NUMBER
Classification number 704.948954
100 ## - MAIN ENTRY--PERSONAL NAME
Personal name Sharma, Manoj
245 ## - TITLE STATEMENT
Title Hindu Art & Sculpture/
Statement of responsibility, etc Manoj Sharma
260 ## - PUBLICATION, DISTRIBUTION, ETC. (IMPRINT)
Place of publication, distribution, etc Allahabad
Name of publisher, distributor, etc Rini Publication
Date of publication, distribution, etc 2017
270 ## - ADDRESS
Address 59, Pan Dareeba
City Allahabad
Postal code 211003
300 ## - PHYSICAL DESCRIPTION
Extent 237p.
Dimensions 21cm(hbk)
942 ## - ADDED ENTRY ELEMENTS (KOHA)
Source of classification or shelving scheme Dewey Decimal Classification
Item type English Books
Classification part 704.948954
Call number suffix SHA
Holdings
Withdrawn status Lost status Not for loan Collection code Home library Current library Date acquired Source of acquisition Cost, normal purchase price Full call number Barcode Copy number Cost, replacement price Koha item type
      Non-fiction Ashok Vihar Ashok Vihar 05/05/2022 DBAD/PUB 750.00 704.948954 SHA EN-116052 1 750.00 English Books

© Delhi Public Library
Hit Counter
free hit counter